Statistiche per Date e Segno zodiacale - Quiz n°34

Clicka qui per fare il quiz!

Statistiche generali

  • Questo quiz è stato fatto 12 volte
  • Il punteggio medio è 10 su 11

Statistiche sulle risposte

HintRisposta% Corretto
10 luglioCancro
100%
28 dicembreCapricorno
100%
1 marzoPesci
100%
3 agostoLeone
92%
29 novembreSagittario
92%
21 agostoLeone
83%
10 marzoPesci
83%
24 novembreSagittario
83%
22 aprileToro
83%
4 dicembreSagittario
75%
18 dicembreSagittario
75%

Distribuzione punteggi

Percentile per numero di risposta

Percentuale di utenti per punteggio

I tuoi punteggi nel tempo

Non hai fatto questo quiz